A Feast for Crows POV Characters Quiz Stats

 Plays Quiz Updated Jun 20, 2016

Challenge
Share
Tweet
Embed
Score 0/13 Timer 05:00
0 Plays Today
# of Chapters POV Character % Correct
10Cersei Lannister
92.3%
3Arya Stark
90.6%
3Sansa Stark
87.3%
7Jaime Lannister
82.1%
8Brienne of Tarth
64.6%
5Samwell Tarly
61.9%
1Asha Greyjoy
44.5%
1Arianne Martell
41.8%
2Victarion Greyjoy
38.8%
2Aeron Greyjoy
37.2%
1Areo Hotah
36.4%
1Arys Oakheart
33%
1Pate
29.1%

You're not logged in!

Compare scores with friends on all Sporcle quizzes.
OR
Log In

You Might Also Like...

Show Comments

Extras

Top Quizzes Today


Score Distribution

Your Account Isn't Verified!

In order to create a playlist on Sporcle, you need to verify the email address you used during registration. Go to your Sporcle Settings to finish the process.

Report this User

Report this user for behavior that violates our Community Guidelines.

Details: